Estudios de psicología sexual (Record no. 59322)
[ view plain ]
| 000 -LEADER | |
|---|---|
| campo de control de longitud fija | 00616nam a2200181 i 4500 |
| 001 - NÚMERO DE CONTROL | |
| campo de control | 59322 |
| 003 - IDENTIFICADOR DE NÚMERO DE CONTROL | |
| campo de control | ES-MaACL |
| 005 - FECHA Y HORA DE LA ÚLTIMA TRANSACCIÓN | |
| campo de control | 20250831130910.0 |
| 007 - CAMPO FIJO DE DESCRIPCIÓN FÍSICA--INFORMACIÓN GENERAL | |
| campo de control de longitud fija | t| |
| 008 - DATOS DE LONGITUD FIJA--INFORMACIÓN GENERAL | |
| campo de control de longitud fija | 031028s1912 sp ||||1| spa d |
| 100 1# - ENTRADA PRINCIPAL--NOMBRE DE PERSONA | |
| Nombre de persona | Ellis, Havelock ( |
| Fechas asociadas al nombre | 1859-1939) |
| 9 (RLIN) | 47049 |
| 245 10 - MENCIÓN DEL TÍTULO | |
| Título | Estudios de psicología sexual |
| Resto del título | : el sexo en ralación con la sociedad / |
| Mención de responsabilidad, etc. | por Henry Havelock Ellis ; traducida por Ceferino Palencia Tubau. |
| 260 ## - PUBLICACIÓN, DISTRIBUCIÓN, ETC. | |
| Lugar de publicación, distribución, etc. | Madrid : |
| Nombre del editor, distribuidor, etc. | Hijos de Reus, |
| Fecha de publicación, distribución, etc. | 1912. |
| 300 ## - DESCRIPCIÓN FÍSICA | |
| Extensión | XV, 774 p. ; |
| Dimensiones | 22 cm. |
| 700 1# - ENTRADA AGREGADA--NOMBRE PERSONAL | |
| Nombre de persona | Palencia Tubau, Ceferino, |
| Fechas asociadas al nombre | 1882-1963 |
| 9 (RLIN) | 88541 |
| 852 ## - LOCALIZACIÓN | |
| Ubicación | ES-MaACL |
| Número de control de estantería | F-14595 |
| Estatus retirado | Estado de pérdida | Estado de daño | No para préstamo | Biblioteca de origen | Biblioteca actual | Ubicación en estantería | Fecha de adquisición | Fuente de adquisición | Total de préstamos | Signatura topográfica completa | Código de barras | Visto por última vez | Precio de reemplazo | Tipo de ítem Koha |
|---|---|---|---|---|---|---|---|---|---|---|---|---|---|---|
| Biblioteca del Ateneo de Madrid | Biblioteca del Ateneo de Madrid | Sala Pecera Planta 2 | 17/01/2008 | F-14595 | 1062225 | 23/02/2023 | 23/02/2023 | Libro impreso |
